Mobilita práce ako výrobného faktora vo vybraných krajinách Európskej únie

Identifikovanie hlavných faktorov vplývajúcich na pohyb pracovnej sily v rámci vybraných krajín EÚ pomocou regresnej analýzy.

Na minha lista:
Detalhes bibliográficos
Autor principal: Liptáková, Katarína
Formato: Capítulo de Livro
Idioma:eslovaco
Assuntos:
Tags: Adicionar Tag
Sem tags, seja o primeiro a adicionar uma tag!

MARC

LEADER 00000naa a2200000 4500
001 0229521
005 20220204125750.8
041 0 |a slo 
044 |a SK 
245 1 0 |a Mobilita práce ako výrobného faktora vo vybraných krajinách Európskej únie  |c Katarína Liptáková 
520 |a Identifikovanie hlavných faktorov vplývajúcich na pohyb pracovnej sily v rámci vybraných krajín EÚ pomocou regresnej analýzy. 
610 2 0 |a analýza regresná 
610 2 0 |a pohyb síl pracovných 
610 2 0 |a trh práce 
610 2 0 |a Európska únia 
610 2 0 |a migrácia 
100 1 |a Liptáková, Katarína